Textbook of human histology / (Record no. 158478)

MARC details
000 -LEADER
fixed length control field 00698nam a22002297a 4500
005 - DATE AND TIME OF LATEST TRANSACTION
control field 20181030153049.0
010 ## - LCCN (DPL NO)
LC control number B-710680
020 ## - INTERNATIONAL STANDARD BOOK NUMBER
International Standard Book Number 8171799671
Terms of availability 295.00
035 ## - SYSTEM CONTROL NUMBER
System control number B-710680
037 ## - SOURCE OF ACQUISITION
Source of stock number/acquisition Gift
082 ## - DEWEY DECIMAL CLASSIFICATION NUMBER
Classification number 611.018
100 ## - MAIN ENTRY--PERSONAL NAME
Personal name Singh, Inderbir
245 ## - TITLE STATEMENT
Title Textbook of human histology /
Statement of responsibility, etc Inderbir Singh
250 ## - EDITION STATEMENT
Edition statement 4th ed.
260 ## - PUBLICATION, DISTRIBUTION, ETC. (IMPRINT)
Place of publication, distribution, etc New Delhi
Name of publisher, distributor, etc Jaypee Brothers
Date of publication, distribution, etc 2002
270 ## - ADDRESS
Address EMCA House, 23/23 B, Ansari Road, Daryaganj
City New Delhi
Postal code 110002
300 ## - PHYSICAL DESCRIPTION
Extent 355p.
Other physical details ill. (col.)
Dimensions 24cm (pbk)
500 ## - GENERAL NOTE
General note includes index
505 ## - FORMATTED CONTENTS NOTE
Formatted contents note With colour Atlas
942 ## - ADDED ENTRY ELEMENTS (KOHA)
Source of classification or shelving scheme Dewey Decimal Classification
Item type English Books
Classification part 611.018
Call number suffix SIN
Holdings
Withdrawn status Lost status Not for loan Collection code Home library Current library Date acquired Source of acquisition Cost, normal purchase price Full call number Barcode Copy number Cost, replacement price Koha item type
      Non-fiction Ashok Vihar Ashok Vihar 30/10/2018 Gift/16-10-2018 295.00 611.018 SIN B-710680 1 295.00 English Books

© Delhi Public Library
Hit Counter
free hit counter